| 000 | 01170nam a22003850a 4500 | ||
|---|---|---|---|
| 001 | PT3352 | ||
| 003 | AR-LpoUNG | ||
| 005 | 20210131231408.0 | ||
| 008 | 191001s1987||||ag |||||||||||||||||spa d | ||
| 020 |
_a9502802365 _c$91.11 |
||
| 040 |
_aAR-LpoUNG _bspa _cAR-LpoUNG _eaacr |
||
| 041 | _aspa | ||
| 044 | _aag | ||
| 082 | 0 | _a982.063 478sol | |
| 100 | 1 | _aGillespie, Richard | |
| 245 | 1 | 0 |
_aSoldados de Perón : _blos montoneros |
| 250 | _a2º edición | ||
| 260 |
_aBuenos Aires : _bGrijalbo, _c1987. |
||
| 300 |
_a372 p. : _bgráfs. |
||
| 520 | _a<p>En este texto el autor expone su tesis fundamental sobre el surgimiento y la derrota de los montoneros. Es un libro esencial para aquel lector que comienza a explorar el pasado violento de Argentina</p> | ||
| 650 | 4 | _aANALISIS HISTORICO | |
| 650 | 4 | _aARGENTINA | |
| 650 | 4 | _aDICTADURA | |
| 650 | 4 | _aGOBIERNO MILITAR | |
| 650 | 4 | _aHISTORIA | |
| 650 | 4 | _aNACIONALISMO | |
| 650 | 4 | _aOCUPACION MILITAR | |
| 650 | 4 | _aSISTEMAS POLITICOS | |
| 651 | 4 | _aArgentina | |
| 700 | 1 |
_aPigrau, Antoni _etr. |
|
| 700 | 1 |
_aTorn, Enrique _erev. |
|
| 700 | 1 |
_aTorn, Marta _erev. |
|
| 905 | _a3352 | ||
| 942 | _cLIB | ||
| 999 |
_c9806 _d9806 |
||